000 00440nam a2200181Ia 4500
001 1724
005 20260306143749.0
008 260306t2012||||xx |||||||||||||| ||spa||
041 _aESP
082 _a155.23
_bZ85
100 _aZolli, Andrew
_eAUT
245 0 _aResiliencia:
_bpor qué las cosas vuelven a su lugar
260 _c2012
300 _a342 páginas :
_c23 cm.
650 _aGEN
654 _aCPS
942 _cLIB
_dJUS
_fJUS
_2ddc
_n
999 _c1724
_d1724